Największe miasta w Dobrudży - Statystyki

Ogólne statystyki
  • Ten quiz został rozwiązany 6 razy
  • Średni wynik to 2 z 10
Statystyki odpowiedzi
Państwo Miasto Populacja % Poprawnych
Konstanca 283 872
100%
Tulcza 73 707
80%
Dobricz 91 030
40%
Mangalia 36 364
20%
Bałczik 12 127
0%
Cernavodă 17 022
0%
Medgidia 39 780
0%
Năvodari 32 981
0%
Ovidiu 13 847
0%
Silistra 35 607
0%
Nie znaleziono quizów pasujących do podanych kryteriów
Rozkład punktacji
Procent ludzi z każdym wynikiem
Percentyl według liczby udzielonych odpowiedzi
Twoja historia wyników
Nie rozwiązałeś tego quizu